[Event "XVII Orsha-2019 Open"]
[Site "Orsha"]
[Date "2019.01.19"]
[Round "3"]
[White "Lazavik, Denis"]
[Black "Krylov, Ivan"]
[Result "0-1"]
[WhiteElo "2296"]
[BlackElo "2441"]
[Annotator "TA RC"]
[PlyCount "110"]
[EventDate "2019.01.18"]
[EventType "swiss"]
[EventCountry "BLR"]
[SourceTitle "playchess.com"]
[Source "ChessBase"]
[SourceQuality "1"]

{[%evp 15,110,18,28,25,27,45,27,23,46,34,39,17,16,31,23,18,38,27,53,44,56,29,55,17,35,35,44,12,14,0,0,-26,0,-22,-15,-32,-7,0,0,-93,-88,-100,-87,-108,-67,-153,-151,-128,-88,-91,-74,-253,-160,-364,-345,-343,-226,-244,-222,-282,-92,-85,-93,-138,-70,-207,-91,-163,-164,-191,-202,-161,353,348,448,-273,-273,-444,-436,-429,-422,-413,-413,-463,-350,-761,-754,-927,-918,-751,-777,-29979,-29980,-29992,-29986,-29990,-666]} 1. d4 Nf6 2. c4 g6 3. g3 Bg7 4. Bg2 O-O 5. Nc3 d6 6. Nf3 Nc6 7. O-O Rb8 8. h3 Bf5 {LiveBook: 17 Games. E62: King's Indian: Fianchetto: 6...c6 and Panno Variation (6...Nc6) without ...a6} (8... a6 9. e4 b5 10. d5 b4 11. Ne2 Na5 12. Qc2 c6 13. Nfd4 c5 14. Nb3 Nd7 15. Rb1 Nxb3 16. axb3 a5 17. Bg5 a4 {½-½ (34) Matlakov,M (2685)-Jones,G (2665) Helsingor 2014}) 9. g4 Bd7 10. e4 e5 {White is slightly better.} 11. Be3 exd4 12. Nxd4 Re8 13. Qd2 Nxd4 14. Bxd4 c5 15. Be3 Bc6 {[%cal Rf6e4]} 16. f3 a6 $146 17. Rad1 Qb6 18. Ne2 Rbd8 {Threatening ...d5!} 19. Ng3 Nd7 20. b3 Qc7 21. Bg5 ({Much weaker is} 21. Qxd6 Qxd6 22. Rxd6 Be5 $15) 21... Rc8 22. Ne2 b5 23. cxb5 axb5 24. Be3 Be5 25. Nf4 Nb6 {[%cal Bd7b6,Bb6d5,Bd5c3][%mdl 32]} 26. Nd3 Bg7 27. e5 (27. Rc1 $11 {keeps the balance.}) 27... dxe5 $17 28. Bxc5 Nd5 29. Bf2 Red8 30. Qe1 (30. Bh4 $15) 30... Ba8 31. Rc1 Qb8 32. Rxc8 Qxc8 33. Bg3 $2 (33. Bh4 $17) 33... Nc3 34. Nc1 $2 (34. Nf2 $17 {was called for.}) 34... b4 35. Kh2 Qc5 36. Bf2 Qc6 37. Bg3 f5 $2 (37... f6 $19 {and Black stays clearly on top.} 38. g5 fxg5) 38. gxf5 gxf5 {And now ...Qc7 would win.} 39. Rg1 Qc5 ({Black should try} 39... Qd6 $17 40. Bf1 Kh8) 40. Bf2 (40. Bf1 $15 Rd1 41. Nd3 Qxg1+ 42. Kxg1 Rxe1 43. Bxe1) 40... Qd5 (40... Qc7 $19 {is more deadly. Strongly threatening ...e4+.} 41. Qe3 Kh8) 41. Bh4 (41. f4 $17 {is a better defense.} e4 42. Be3) 41... Rd7 $36 {[%mdl 2048] Black is in control.} 42. Qe3 Qd2 43. Qc5 {Threatens to win with Qc8+.} Bxf3 $4 {[%mdl 8192]} (43... Kf7 $1 $19 {and life is good for Black.} 44. Kh1 Qd4 45. Qxd4 Rxd4) 44. Qc8+ $1 $18 Kf7 {[#] ...Bb7 is the strong threat.} 45. Bg5 $4 {[%mdl 8192] [#]} (45. Nd3 $1 $18 {[%mdl 512] was the only winning move.} Bc6 (45... Qxd3 46. Bxf3) 46. Qxc6 Rxd3 47. Kh1) 45... Qd6 $1 $19 ({Weaker is} 45... f4 {[#]} 46. Nd3 $1 $16 {[%mdl 512]}) 46. Bxf3 $2 (46. Qc4+ {is the only way for White.} Bd5 47. Bxd5+ Nxd5 48. Ne2) 46... e4+ {[%cal Be5e4,Be4f3][%mdl 96] Discovered Attack} 47. Rg3 exf3 48. Qc4+ Nd5 {aiming for ...Be5.} 49. Nd3 Rc7 50. Qh4 $2 (50. Bf4 Rxc4 51. Bxd6 Rc2+ {[%mdl 64] Double Attack} 52. Kh1) 50... Rc2+ 51. Kh1 f2 52. Nxf2 Rxf2 53. Qh5+ Kf8 {Black mates.} 54. Bh4 Nf6 55. Qg5 Qd1+ {Accuracy: White = 18%, Black = 51%.} 0-1

[Event "XVII Orsha-2019 Open"]
[Site "Orsha"]
[Date "2019.01.19"]
[Round "3"]
[White "Afonasieva, Anna"]
[Black "Parshin, Maxim"]
[Result "1-0"]
[WhiteElo "2265"]
[BlackElo "1956"]
[Annotator "TA"]
[PlyCount "99"]
[EventDate "2019.01.18"]
[EventType "swiss"]
[EventCountry "BLR"]
[SourceTitle "playchess.com"]
[Source "ChessBase"]
[SourceQuality "1"]

{[%evp 10,99,29,5,23,0,0,-1,0,0,0,-8,41,33,70,15,22,17,91,85,113,87,197,77,108,96,176,168,203,197,192,154,149,155,155,147,176,151,147,155,189,190,192,154,216,214,207,207,350,337,391,407,408,391,437,438,397,389,466,460,827,817,832,827,822,821,804,801,841,833,825,812,873,868,833,808,1133,1127,1088,1093,5370,5179,29968,29967,29967,7510,29968,29969,29995,29996,29997,521]} 1. d4 d5 2. Nf3 Nf6 3. c4 c6 4. Nbd2 e6 5. g3 c5 6. cxd5 {LiveBook: 34 Games. D30: Queen's Gambit Declined: Systems without Nc3} (6. Bg2 Nc6 7. dxc5 Bxc5 8. O-O O-O 9. Nb3 Bb6 10. h3 Ne4 11. cxd5 exd5 12. e3 Be6 13. Bd2 Qf6 14. Rb1 Rfd8 15. Be1 Bf5 16. Nh4 Be6 {½-½ (28) Aronian,L (2801)-Gelfand,B (2741) Moscow 2010}) 6... Qxd5 7. Qc2 $146 ({Predecessor:} 7. Bg2 cxd4 8. O-O d3 9. e4 Qb5 10. a4 Qa6 11. Nd4 Qb6 12. Nb5 a6 13. Nc4 Qd8 {1-0 (84) Abdulla,A (2472)-Mohammed Abdul,M (2186) Chittagong 2018}) 7... Nc6 8. dxc5 {The position is equal.} Qxc5 9. Qxc5 Bxc5 10. Bg2 Ke7 11. O-O e5 12. e3 ({White should try} 12. b3 $14) 12... Bf5 $11 13. b3 h6 (13... Bd3 $11) 14. Bb2 $16 Nd7 15. Rac1 f6 {[#]} (15... Rhc8 $16 {was necessary.}) 16. Rxc5 (16. Nh4 $1 $18 {[%cal Rh4f5] and the rest is easy.} Bh7 17. Ne4) 16... Nxc5 17. Ba3 Rhd8 (17... b6 $16) 18. Bxc5+ $18 Kf7 19. Nc4 Bd3 20. Nd6+ Rxd6 21. Bxd6 {Strongly threatening Rd1.} Bxf1 22. Bxf1 Rd8 23. Bc4+ Kg6 24. Ba3 Rd1+ 25. Kg2 Kh7 26. e4 a5 (26... Ra1 $16 27. b4 a6) 27. Bc5 a4 28. Bd5 ({But not} 28. bxa4 $6 Rc1 $16) 28... Rc1 (28... axb3 $142 29. Bxb3 Rc1) 29. Be3 Ra1 30. bxa4 Nb4 31. Bc5 Nxa2 32. a5 Nc3 33. Bb6 Na4 34. Nd2 Rd1 (34... Nxb6 $142 35. axb6 Ra4) 35. Be3 Ra1 36. Bxb7 Nc5 37. Bxc5 Rxa5 38. Be3 Ra4 39. Bd5 Kg6 40. Nc4 Ra1 41. Nd6 Kh7 42. Nf5 g6 43. Nxh6 Ra6 44. Ng8 g5 45. Ne7 Kg7 46. Nf5+ Kg6 47. h4 gxh4 48. gxh4 {[%cal Bg3h4,Bh4h5][%mdl 32] White mates.} Ra1 49. Bg8 Rb1 {[#]} 50. h5+ $1 {Precision: White = 59%, Black = 30%.} 1-0

[Event "XVII Orsha-2019 Open"]
[Site "Orsha"]
[Date "2019.01.19"]
[Round "3"]
[White "Shkalov, Oleg"]
[Black "Spizharny, Mikhail"]
[Result "0-1"]
[WhiteElo "2225"]
[BlackElo "1923"]
[Annotator "TA"]
[PlyCount "54"]
[EventDate "2019.01.18"]
[EventType "swiss"]
[EventCountry "BLR"]
[SourceTitle "playchess.com"]
[Source "ChessBase"]
[SourceQuality "1"]

{[%evp 12,54,-2,-14,2,0,22,-12,20,19,27,34,27,0,0,0,12,-14,46,41,57,2,19,30,39,-220,109,-1,56,60,81,-5,-3,-3,99,-140,70,-410,-401,-394,-392,-326,-279,-501,-293]} 1. c4 Nf6 2. Nc3 c6 3. e4 d5 4. exd5 cxd5 5. d4 g6 6. Nf3 Bg7 7. Qa4+ {LiveBook: 3 Games. B14: Caro-Kann: Panov-Botvinnik Attack with 5...e6 and 5...g6} (7. Bg5 Ne4 8. Bh4 Nxc3 9. bxc3 O-O 10. cxd5 Qxd5 11. Be2 Nc6 12. O-O e5 13. c4 Qe4 14. Bd3 Qg4 15. h3 Qh5 {½-½ (25) Van Wely,L (2667)-Ragger,M (2672) Brest 2018}) 7... Nbd7 8. c5 O-O 9. Bf4 {The position is equal.} Nh5 $146 ({Predecessor:} 9... Nb8 10. Bxb8 Bd7 11. Qb3 Rxb8 12. Nxd5 Nxd5 13. Qxd5 Qa5+ 14. Nd2 Be6 {0-1 (26) Seiler,A-Post,H Bad Driburg 1995}) 10. Bg5 h6 11. Be3 $1 e5 12. dxe5 Nxe5 13. Nxe5 Bxe5 14. Rd1 Be6 (14... Bd7 $11 15. Qb3 d4 $1 {[%mdl 512]} 16. Bxd4 Bg4) 15. Be2 $14 Ng7 16. Bxh6 (16. O-O $14) 16... Re8 {aiming for ...Nf5.} 17. Bb5 $36 {[%mdl 2048] White has the initiative.} Nf5 {Hoping for ...Bxc3+.} 18. Bf4 $2 {[%mdl 8192]} (18. Bxe8 $14 {was the only good move.} Qxe8 19. Qxe8+ Rxe8 20. Bd2) 18... Qc7 $2 (18... Bxc3+ $1 $19 19. bxc3 Bd7+ 20. Kf1 Re4 21. Bxd7 Rxa4 22. Bxa4 Qf6) 19. g3 (19. Bxe8 $16 Bxf4 20. g3) 19... Bxf4 ({Black should try} 19... Re7 $11 20. O-O Bxf4 21. Qxf4 Qxf4 22. gxf4 d4) 20. Bxe8 Be5 21. Nxd5 ({Better is} 21. O-O $16) 21... Qxc5 $11 22. Qb5 Qc8 {[#]} (22... Qc2 $11 23. O-O Nd4 24. Rxd4 (24. Ne7+ Kh7 $17) 24... Bxd4) 23. Qe2 $2 (23. g4 $1 $16 {[%cal Rg4f5]} Qxe8 24. Qxe8+ Rxe8 25. gxf5 Bxf5 26. O-O) 23... Bxd5 $2 ({Of course not} 23... Bd4 $6 24. Rxd4 Nxd4 25. Ne7+ Kg7 26. Nxc8 $11) (23... Qxe8 $17 24. O-O (24. Qxe5 $2 Bxd5 25. Rxd5 Qc6 $19) 24... Nd4 25. Qxe5 Nf3+ {[%mdl 64] Double Attack} 26. Kh1 Nxe5 27. Nf6+ Kg7 28. Nxe8+ Rxe8) 24. Qxe5 $4 {[%mdl 8192]} (24. Rxd5 $14 {was forced to keep a grip.} Qc1+ 25. Rd1) 24... Bxh1 $19 25. Bd7 Qc2 {Threatens to win with ...Bf3.} 26. Bxf5 Qxf5 27. Qe7 $2 (27. Qxf5 gxf5 28. Rd4) 27... Qe4+ {Accuracy: White = 25%, Black = 22%.} 0-1

[Event "XVII Orsha-2019 Open"]
[Site "Orsha"]
[Date "2019.01.19"]
[Round "3"]
[White "Galkin, Gleb"]
[Black "Grishchenko, Sergey"]
[Result "0-1"]
[WhiteElo "2156"]
[BlackElo "2409"]
[Annotator "TA"]
[PlyCount "144"]
[EventDate "2019.01.18"]
[EventType "swiss"]
[EventCountry "BLR"]
[SourceTitle "playchess.com"]
[Source "ChessBase"]
[SourceQuality "1"]

{[%evp 14,144,12,0,9,10,15,22,15,0,0,0,5,6,21,-19,102,0,10,0,12,12,31,27,38,24,42,19,30,0,0,0,0,0,0,0,0,-12,-11,-17,-3,-44,-47,-80,-61,-134,-60,-147,-105,-104,-119,-123,-112,-119,-108,-113,-90,-90,-90,-90,-90,-90,-90,-90,-90,-90,-83,-89,-90,-74,-80,-80,-77,-84,-83,-168,-167,-360,-286,-1193,-1185,-1193,-1178,-1185,-189,-189,-189,-1142,0,-18,0,-1156,-1145,-1095,-166,-166,-166,-166,-166,-166,-166,-166,-166,-166,-166,-166,-166,-166,-166,-166,-166,-189,-189,-189,-189,-189,-85,-29948,-29943,-12793,-4627,-4627,-1124,-29986,-29987,-29987,-29988,-29988,-29989,-29989,-29990,-29990,-1175]} 1. d4 d5 2. Nf3 Nc6 3. c4 Bg4 4. e3 e6 5. Nc3 Bb4 6. a3 Bxc3+ 7. bxc3 Nf6 8. Be2 Bxf3 {D07: Queen's Gambit: Chigorin Defence} (8... O-O 9. cxd5 exd5 10. Qc2 Na5 11. a4 Re8 12. Ba3 Bxf3 13. Bxf3 Ne4 14. O-O Nc4 15. Be2 Ncd2 16. Rfd1 {0-1 (53) Tihonov,J (2460)-Kobalia,M (2495) Menorca 1996}) 9. Bxf3 Na5 $146 ({Predecessor:} 9... dxc4 10. Qa4 Qd6 11. Rb1 Rb8 12. Bxc6+ Ke7 13. Bf3 a6 14. Qb4 Qxb4 15. Rxb4 b5 16. O-O {1-0 (43) Soave,V (1658)-Pellegrino,G (1406) Napoli 2014}) 10. cxd5 exd5 {The position is equal.} 11. Be2 O-O 12. a4 Ne4 13. Bd3 Re8 14. O-O Qh4 (14... c5 $11 {remains equal.}) 15. Qe2 ({Better is} 15. f3 $1 $16 {[%cal Rf3e4]} Nd6 16. Qc2) 15... Re6 16. Bxe4 Qxe4 17. f3 Qf5 18. Qb5 b6 {[#]} 19. e4 $1 {[%mdl 512]} Qh5 (19... dxe4 20. Qxf5) 20. g4 Rg6 $1 21. Qxd5 (21. exd5 {feels hotter.} f5 22. g5 h6 23. Kh1 hxg5 24. Ra2) 21... Qxd5 22. exd5 h5 23. h3 Rd8 24. Bf4 Rxd5 25. Bxc7 Rc6 26. Bb8 a6 27. Rae1 Rxc3 28. Re8+ Kh7 29. Ba7 (29. Re5 $15 Rxe5 30. dxe5) 29... b5 (29... Rb3 $1 $17 {And now ...Nc6 would win.} 30. Re7 Kg6 31. gxh5+ Rxh5) 30. Bc5 ({White should play} 30. axb5 $15 axb5 31. Re7) 30... Nb3 31. axb5 axb5 32. Kg2 Nxc5 33. dxc5 Rdxc5 $17 {[%mdl 4096] Endgame KRR-KRR} 34. Rb1 h4 35. Rb8 Rc2+ 36. Kg1 Rc1+ 37. Rxc1 Rxc1+ {KR-KR} 38. Kf2 Rb1 39. Ke3 Kg6 40. Kf4 f6 41. Rb6 Rb4+ 42. Ke3 Kg5 43. f4+ Kg6 44. Rb7 (44. f5+ $17 Kh7 45. Rb8) 44... Rb3+ $19 45. Ke4 $2 (45. Kf2 {was forced.}) 45... Rxh3 46. f5+ $2 (46. Rxb5 Rg3 47. Rh5 Rxg4 48. Rh8) 46... Kh6 47. Rxb5 Ra3 48. Rb8 Kg5 $2 (48... Ra4+ 49. Kf3 Kg5) 49. Rb7 Ra4+ ({But not} 49... Kxg4 50. Rxg7+ Kh3 51. Kf4 $15) 50. Kf3 $2 (50. Ke3) 50... Ra3+ $2 (50... Rf4+ $1 $19 51. Ke3 Kxg4 52. Rxg7+ Kxf5) 51. Ke4 $11 Ra4+ $2 {[%mdl 8192]} (51... h3 $11 52. Rxg7+ Kh6) 52. Kf3 $19 {[#]} Rf4+ $1 53. Ke3 Rxg4 $2 (53... Kxg4 54. Rxg7+ Kxf5) 54. Rxg7+ Kxf5 55. Rh7 Ra4 56. Kf3 Ra3+ 57. Kg2 Kg4 58. Rg7+ Kf4 {( -> ...Rg3+)} 59. Rh7 {[#]} h3+ $1 60. Kh2 (60. Rxh3 Rxh3) 60... f5 61. Rh4+ Ke5 62. Rb4 f4 63. Rc4 Kf5 64. Rc8 Rg3 (64... Kg4 $19 65. Rg8+ Kf3) 65. Rc4 $2 {[%mdl 8192] [#]} (65. Rf8+ $17 Ke4 66. Re8+ Kd4 67. Rd8+ Ke3 68. Ra8) 65... Kg4 $1 66. Rc8 Rg2+ 67. Kh1 Ra2 {Threatens to win with ...f3.} 68. Rc3 f3 {[%cal Bf4f3,Bf3f2][%mdl 32] Black mates.} 69. Rc8 f2 {[%cal Rf2f1]} 70. Rf8 Kg5 71. Rg8+ Kh6 72. Rf8 Ra1+ {Precision: White = 43%, Black = 53%.} 0-1

[Event "XVII Orsha-2019 Open"]
[Site "Orsha"]
[Date "2019.01.19"]
[Round "3"]
[White "Vashchilov, Sergey"]
[Black "Aliakbarov, Anar"]
[Result "1/2-1/2"]
[WhiteElo "2134"]
[BlackElo "2282"]
[Annotator "TA"]
[PlyCount "65"]
[EventDate "2019.01.18"]
[EventType "swiss"]
[EventCountry "BLR"]
[SourceTitle "playchess.com"]
[Source "ChessBase"]
[SourceQuality "1"]

{[%evp 27,65,3,20,10,14,0,32,8,28,0,1,0,0,0,6,0,0,0,0,0,0,0,0,0,0,-8,0,-2,0,-4,-4,-2,-4,-4,0,0,4,5,4,0]} 1. e4 e5 2. Nf3 Nc6 3. d4 exd4 4. Nxd4 Nf6 5. Nc3 Bb4 6. Nxc6 bxc6 7. Bd3 O-O 8. O-O d5 9. exd5 cxd5 10. h3 {C47: Scotch Four Knights and Four Knights with 4 g3} h6 (10... c6 11. Qf3 Bd6 12. Bf4 Be6 13. Rfe1 Bxf4 14. Qxf4 Qb8 15. Qxb8 Raxb8 16. Na4 Nd7 17. b3 c5 {½-½ (35) Nakamura,H (2777)-So,W (2780) Saint Louis 2018}) 11. Qf3 c6 12. Bf4 Bd6 13. Rad1 Rb8 14. b3 Rb4 {LiveBook: 4 Games} 15. Bg3 Be6 16. Na4 Bxg3 17. fxg3 $146 ({Predecessor:} 17. Qxg3 Qb8 18. Qxb8 Rbxb8 19. f4 {1-0 (46) Fernandez Romero,E (2343)-Castillo Gallego,S (2234) Mancha Real 2001}) 17... Nd7 18. Qf2 Qc7 {The position is equal.} 19. Nc5 Nxc5 20. Qxc5 Qb6 21. Qxb6 Rxb6 22. Rf4 a5 23. Re1 c5 24. Re5 f6 25. Re1 Kf7 26. g4 Ra8 27. Bf5 Ra7 28. Rf2 a4 29. Rfe2 Bxf5 30. gxf5 axb3 31. axb3 c4 32. bxc4 dxc4 33. Re4 {Precision: White = 64%, Black = 66%.} 1/2-1/2

[Event "XVII Orsha-2019 Open"]
[Site "Orsha"]
[Date "2019.01.19"]
[Round "3"]
[White "Bogacheva, Anna"]
[Black "Runets, Ivan"]
[Result "1-0"]
[WhiteElo "1955"]
[BlackElo "2118"]
[Annotator "TA"]
[PlyCount "101"]
[EventDate "2019.01.18"]
[EventType "swiss"]
[EventCountry "BLR"]
[SourceTitle "playchess.com"]
[Source "ChessBase"]
[SourceQuality "1"]

{[%evp 11,101,-10,3,-13,-9,-10,-12,-17,14,12,23,0,8,-19,5,7,0,-3,0,-15,0,-10,9,9,17,1,17,18,44,19,24,15,24,24,22,22,29,-65,-24,-20,-25,-17,-6,-8,0,-22,-18,-171,0,0,0,0,0,0,0,-9,97,76,241,245,249,229,315,342,419,357,480,488,461,424,430,409,456,0,0,0,0,0,1167,1090,948,569,662,672,590,480,9682,12577,5326,5181,29984,29985]} 1. e4 c5 2. g3 Nc6 3. Bg2 g6 4. d3 Bg7 5. c3 d6 6. Be3 {B20: Sicilian: Unusual White 2nd moves} e6 {LiveBook: 5 Games} 7. Qd2 (7. f4 Nge7 8. Nf3 O-O 9. O-O b6 10. Nbd2 Bb7 11. Bf2 Qd7 12. Qe2 f5 13. Rad1 Rae8 14. Rfe1 Kh8 15. Nc4 e5 16. fxe5 Nxe5 17. Ncxe5 dxe5 18. exf5 Nxf5 {0-1 (32) Bartel,M (2641)-Riazantsev,A (2692) Dubai 2014}) 7... b6 8. h4 $146 {The position is equal.} ({Predecessor:} 8. Ne2 Ba6 9. O-O Ne5 10. c4 Ng4 11. Bg5 f6 12. Bf4 e5 {0-1 (43) Mutton,J (2173)-Williams,S (2367) London 2001}) 8... h5 9. Ne2 Bb7 10. Na3 Nf6 11. Bg5 Qd7 12. Nc4 Ne5 13. Nxe5 dxe5 14. O-O O-O 15. Rfd1 Rac8 16. a4 {[%cal Ba2a4,Ba4a5][%mdl 32]} Nh7 17. Be3 Rfd8 18. a5 Qc7 19. c4 Rd7 20. Nc3 Bc6 21. Ra3 Rb8 22. axb6 axb6 23. Rda1 Bf8 24. f4 (24. Bf1 $11) 24... Rbd8 25. Ra7 Qxa7 26. Rxa7 Rxa7 27. f5 Ra1+ 28. Kf2 $1 Nf6 29. Bf3 $2 (29. fxe6 $11 {and White has nothing to worry.} Ng4+ 30. Kf3) 29... Rd7 $2 (29... gxf5 30. Bh6 $11) (29... exf5 $19 30. Nd5 Nxd5 31. cxd5 Bd7) 30. fxe6 fxe6 31. Bh6 {[#] aiming for Qg5.} Bxh6 32. Qxh6 Kf7 33. Ke2 Ra5 (33... Ba4 $1 $11 34. Nxa4 Rxa4) 34. Qg5 $16 b5 $2 (34... Ba4 $16 {keeps fighting.}) 35. Qxe5 $18 bxc4 36. dxc4 Rda7 37. Ke3 Bd7 38. Kf4 Ra8 39. Kg5 Nh7+ {[#]} 40. Kh6 $1 {[%cal Rh6h7]} ({Weaker is} 40. Kf4 Nf6 $18) 40... Nf6 41. Qf4 Ke7 {intending ...Rh8+.} 42. e5 $2 $40 {[%mdl 128] White is up to no good.} (42. Qc7 $18) 42... Rh8+ $11 43. Kg5 Nh7+ 44. Kxg6 Be8+ $2 {[%mdl 8192]} (44... Nf8+ $11 45. Kg7 Rh7+ 46. Kg8 Rh8+ {[%mdl 64] Decoy} 47. Kxh8 (47. Kg7 Rh7+ 48. Kg8 Rh8+ 49. Kg7 $11) 47... Ng6+ {[%mdl 64] Double Attack} 48. Kg7 Nxf4 49. gxf4 Ra1) 45. Kg7 $18 Rf8 46. Qe4 {And now Qb7+ would win.} Rf7+ 47. Kh6 Kf8 {Black hopes to continue with ...Nf6.} 48. Bxh5 Re7 (48... Nf6 $142) 49. Bxe8 Kxe8 50. Qc6+ Rd7 51. Qxe6+ {Accuracy: White = 55%, Black = 28%.} 1-0

[Event "XVII Orsha-2019 Open"]
[Site "Orsha"]
[Date "2019.01.19"]
[Round "3.11"]
[White "Silich, Yahor"]
[Black "Zeliantsova, Kseniya"]
[Result "1-0"]
[WhiteElo "2116"]
[BlackElo "1858"]
[PlyCount "77"]
[EventDate "2019.01.18"]
[EventType "swiss"]
[EventCountry "BLR"]
[TimeControl "5400+30"]

1. e4 c5 2. Nf3 Nc6 3. Bb5 g6 4. O-O Bg7 5. Re1 Nh6 6. c3 Qb6 7. Bf1 d6 8. h3 e5 9. Na3 O-O 10. Nc4 Qc7 11. d4 b6 12. dxc5 dxc5 13. Ne3 Ne7 14. Bc4 Bb7 15. Qc2 Rad8 16. a4 Kh8 17. b3 f6 18. h4 Nf7 19. h5 Nd6 20. h6 Bxh6 21. Nd5 Nxd5 22. Bxh6 Nf4 23. Bxf8 Rxf8 24. g3 Qc8 25. Bf1 Ne6 26. Rad1 Nf7 27. Bg2 c4 28. b4 a5 29. Qb2 Neg5 30. Nxg5 Nxg5 31. bxa5 bxa5 32. Rd6 f5 33. Qb5 Re8 34. exf5 Bxg2 35. Kxg2 e4 36. Qc6 Qb8 37. Rd7 Qe5 38. Rd5 Qe7 39. f6 1-0

[Event "XVII Orsha-2019 Open"]
[Site "Orsha"]
[Date "2019.01.19"]
[Round "3.12"]
[White "Gabdrakipov, Ilshat"]
[Black "Sukalina, Alina"]
[Result "1-0"]
[WhiteElo "2098"]
[BlackElo "1546"]
[PlyCount "71"]
[EventDate "2019.01.18"]
[EventType "swiss"]
[EventCountry "BLR"]
[TimeControl "5400+30"]

1. e4 e5 2. Nc3 Nc6 3. Bc4 Nf6 4. d3 Bc5 5. f4 d6 6. Nf3 Bg4 7. Na4 Bb6 8. Nxb6 axb6 9. c3 Qe7 10. f5 Bxf3 11. Qxf3 Nd7 12. O-O O-O-O 13. b4 f6 14. a4 g6 15. a5 bxa5 16. b5 Ncb8 17. Rxa5 Rdf8 18. Be6 g5 19. Ra8 Qe8 20. Be3 Kd8 21. d4 Ke7 22. Ra7 Qc8 23. Qh5 Qe8 24. Qe2 Qc8 25. dxe5 dxe5 26. Bc5+ Nxc5 27. Bxc8 Rxc8 28. Rd1 Rhd8 29. Raa1 Nbd7 30. Rd5 Ra8 31. Rad1 Ra4 32. Qh5 Rf8 33. Qxh7+ Rf7 34. Rxd7+ Nxd7 35. Rxd7+ Kxd7 36. Qxf7+ 1-0

[Event "XVII Orsha-2019 Open"]
[Site "Orsha"]
[Date "2019.01.19"]
[Round "3.14"]
[White "Vainerchuk, Barys"]
[Black "Tihonov, Jurij"]
[Result "1/2-1/2"]
[WhiteElo "1907"]
[BlackElo "2399"]
[PlyCount "97"]
[EventDate "2019.01.18"]
[EventType "swiss"]
[EventCountry "BLR"]
[TimeControl "5400+30"]

1. e4 c5 2. Nf3 d6 3. d4 cxd4 4. Qxd4 Nc6 5. Bb5 a6 6. Bxc6+ bxc6 7. c4 e5 8. Qd3 Nf6 9. Nc3 Be7 10. O-O O-O 11. Bg5 Qb6 12. b3 Rd8 13. Rfd1 Be6 14. Qe2 h6 15. Bh4 g5 16. Bg3 Nh5 17. Rac1 Qc7 18. Nd5 Qd7 19. Nxe7+ Qxe7 20. c5 f6 21. cxd6 Rxd6 22. Rxd6 Qxd6 23. Rd1 Qe7 24. Ne1 Nxg3 25. hxg3 a5 26. Qc2 c5 27. Nd3 Rd8 28. Rc1 c4 29. bxc4 Rd4 30. c5 Qc7 31. Nb2 Bxa2 32. Ra1 Be6 33. f3 Kg7 34. Rf1 Qc6 35. Qc3 Rb4 36. Re1 Rb3 37. Qc2 a4 38. Kh2 Qb5 39. Nd1 Rb4 40. Ne3 Rb2 41. Qd1 a3 42. c6 a2 43. Qd6 Rb1 44. Nd5 Bxd5 45. exd5 Rxe1 46. Qd7+ Kf8 47. Qd8+ Kf7 48. Qd7+ Kg6 49. Qe8+ 1/2-1/2

[Event "XVII Orsha-2019 Open"]
[Site "Orsha"]
[Date "2019.01.19"]
[Round "3.15"]
[White "Paniagua Chnelik, Sebastian"]
[Black "Gabdrakipov, Kirill"]
[Result "1-0"]
[WhiteElo "2188"]
[BlackElo "1901"]
[PlyCount "127"]
[EventDate "2019.01.18"]
[EventType "swiss"]
[EventCountry "BLR"]
[TimeControl "5400+30"]

1. d4 d5 2. Nf3 Nf6 3. c4 c6 4. Nc3 dxc4 5. a4 Bf5 6. Ne5 Na6 7. e3 Nb4 8. Bxc4 e6 9. O-O Bd6 10. Qe2 Qc7 11. e4 Bg6 12. Nf3 e5 13. dxe5 Bxe5 14. Nxe5 Qxe5 15. Be3 O-O 16. f3 Rfe8 17. Rad1 a6 18. Qf2 b5 19. Bb3 Rad8 20. Bb6 Rd7 21. Bd4 Qc7 22. Bxf6 gxf6 23. Rxd7 Qxd7 24. Rd1 Qe7 25. Qd4 c5 26. Qf2 c4 27. Bc2 Nxc2 28. Qxc2 Qc5+ 29. Qf2 Qxf2+ 30. Kxf2 bxa4 31. Rd6 Rb8 32. Nxa4 f5 33. Ke3 fxe4 34. fxe4 Rb3+ 35. Kf4 a5 36. Rd5 f6 37. Rxa5 Be8 38. Ra8 Kf7 39. Ra7+ Kg6 40. g3 Rb4 41. Nc3 Rxb2 42. h4 Bf7 43. h5+ Kg7 44. Nd5 Rf2+ 45. Ke3 Rh2 46. g4 Rh3+ 47. Kf4 Rh1 48. Rc7 Rf1+ 49. Ke3 Rg1 50. Kf3 Rc1 51. Ne3 c3 52. Ke2 Kg8 53. Nf5 Bb3 54. Nd4 Bd1+ 55. Kd3 Bxg4 56. h6 Rd1+ 57. Ke3 f5 58. exf5 Rxd4 59. Kxd4 Bxf5 60. Ke5 Bg6 61. Kf6 Kf8 62. Rc8+ Be8 63. Rxc3 Bd7 64. Rb3 1-0

[Event "XVII Orsha-2019 Open"]
[Site "Orsha"]
[Date "2019.01.19"]
[Round "3.16"]
[White "Gonov, Sergey"]
[Black "Budnikov, Sergei"]
[Result "1/2-1/2"]
[WhiteElo "1905"]
[BlackElo "2152"]
[PlyCount "81"]
[EventDate "2019.01.18"]
[EventType "swiss"]
[EventCountry "BLR"]
[TimeControl "5400+30"]

1. e4 c6 2. d4 d5 3. Nc3 dxe4 4. Nxe4 Nf6 5. Ng5 h6 6. N5f3 Bf5 7. Bd3 Bxd3 8. Qxd3 e6 9. Bd2 Nbd7 10. Ne2 Bd6 11. c4 Nf8 12. O-O Ng6 13. b4 O-O 14. a4 Rc8 15. a5 Qe7 16. a6 b6 17. c5 Bc7 18. cxb6 Bxb6 19. Rfc1 Rfd8 20. Rc4 e5 21. Qc2 e4 22. Ne1 Nd5 23. Ra3 Qe6 24. Be3 f5 25. g3 Rf8 26. Ng2 Nxe3 27. fxe3 Ne7 28. Ngf4 Qd6 29. Nc3 g5 30. Nfe2 Rf6 31. Ra1 Rcf8 32. b5 cxb5 33. Nxb5 Qd7 34. Qb3 Kg7 35. Rac1 R8f7 36. Nbc3 Ng6 37. Qb5 Qxb5 38. Nxb5 f4 39. exf4 gxf4 40. Nec3 Rd7 41. Nxe4 1/2-1/2

[Event "XVII Orsha-2019 Open"]
[Site "Orsha"]
[Date "2019.01.19"]
[Round "3.17"]
[White "Tsesler, Yakau"]
[Black "Papunidi, Matvey"]
[Result "0-1"]
[WhiteElo "1895"]
[BlackElo "2113"]
[PlyCount "104"]
[EventDate "2019.01.18"]
[EventType "swiss"]
[EventCountry "BLR"]
[TimeControl "5400+30"]

1. a3 d5 2. d4 Bf5 3. Nf3 Nf6 4. e3 e6 5. Bd3 Bg6 6. O-O Bd6 7. b4 Nbd7 8. Bb2 O-O 9. Nbd2 c6 10. Ne5 Be7 11. Nxg6 hxg6 12. c4 Re8 13. Re1 Bd6 14. f4 a6 15. c5 Bc7 16. a4 Qe7 17. Qe2 Reb8 18. b5 Ba5 19. Reb1 Bxd2 20. Qxd2 Ne4 21. Qc2 f5 22. Bc1 axb5 23. axb5 Qd8 24. g3 Rxa1 25. Rxa1 Ra8 26. Ra4 cxb5 27. Rxa8 Qxa8 28. Bxb5 Ndf6 29. Bd3 Qa5 30. Kf1 Ng4 31. Bxe4 dxe4 32. h3 Nf6 33. Qb3 Qa6+ 34. Kf2 Nd5 35. Qb2 Qa4 36. Qd2 Nb4 37. Bb2 Nd3+ 38. Kg2 Qa2 39. Bc3 Qb1 40. Qe2 Kf7 41. Qd2 Ke7 42. Ba5 Kd7 43. Bc3 Kc6 44. h4 Kd5 45. Ba5 Qb2 46. Bc3 Qxd2+ 47. Bxd2 Kc4 48. Kf1 Kb3 49. Ke2 Kc2 50. Ba5 Nc1+ 51. Kf2 Kd3 52. Bc7 Na2 0-1